2M+ First-Level Subdivisions of North America on a Map - Statistics

General Stats
  • This quiz has been taken 260 times
    91 since last reset
  • The average score is 59 of 67
Answers on the Map
Answers color-coded by a green-red scale on the quiz's map according to % correct below.
 
Answer Stats
Country Type Answer % Correct
United States 2020 C Territory Puerto Rico
99%
United States 2023 E State Alabama
97%
United States 2023 E State California
97%
United States 2023 E State Florida
97%
United States 2023 E State Georgia
97%
United States 2023 E State Louisiana
97%
United States 2023 E State Mississippi
97%
United States 2023 E State Oregon
97%
United States 2023 E State Texas
97%
United States 2023 E State Washington
97%
Canada 2023 E Province Alberta
96%
United States 2023 E State Arizona
96%
Canada 2023 E Province British Columbia
96%
United States 2023 E State Illinois
96%
United States 2023 E State Indiana
96%
United States 2023 E State Kentucky
96%
United States 2023 E State Maryland
96%
United States 2023 E State Massachusetts
96%
Mexico 2020 C District Mexico City
96%
United States 2023 E State Missouri
96%
United States 2023 E State Nevada
96%
United States 2023 E State New Jersey
96%
United States 2023 E State New Mexico
96%
United States 2023 E State New York
96%
United States 2023 E State North Carolina
96%
United States 2023 E State Ohio
96%
United States 2023 E State Oklahoma
96%
Canada 2023 E Province Ontario
96%
United States 2023 E State Pennsylvania
96%
Canada 2023 E Province Quebec
96%
United States 2023 E State South Carolina
96%
United States 2023 E State Tennessee
96%
United States 2023 E State Utah
96%
United States 2023 E State Wisconsin
96%
Mexico 2020 C State Baja California
95%
United States 2023 E State Colorado
95%
United States 2023 E State Connecticut
95%
United States 2023 E State Iowa
95%
Mexico 2020 C State México
95%
United States 2023 E State Michigan
95%
United States 2023 E State Minnesota
95%
United States 2023 E State Virginia
95%
United States 2023 E State Kansas
93%
United States 2023 E State Arkansas
92%
Guatemala 2018 C Department Guatemala
91%
Dominican Republic 2022 C Province Santo Domingo
91%
Mexico 2020 C State Yucatán
89%
Mexico 2020 C State Chihuahua
87%
Cuba 2022 E Province La Habana
79%
Mexico 2020 C State Oaxaca
79%
Mexico 2020 C State Puebla
79%
Mexico 2020 C State Tabasco
75%
Mexico 2020 C State Veracruz
73%
Mexico 2020 C State Chiapas
72%
Mexico 2020 C State Nuevo León
72%
Mexico 2020 C State Sinaloa
69%
Mexico 2020 C State Sonora
69%
Mexico 2020 C State Jalisco
68%
Mexico 2020 C State Guerrero
65%
Mexico 2020 C State Coahuila
63%
Mexico 2020 C State Hidalgo
63%
Mexico 2020 C State San Luis Potosí
63%
Mexico 2020 C State Guanajuato
61%
Mexico 2020 C State Michoacán
61%
Mexico 2020 C State Tamaulipas
61%
Mexico 2020 C State Querétaro
60%
Haiti 2009 E Department Ouest
49%
No matching quizzes found
Score Distribution
Percent of People with Each Score
Percentile by Number Answered
Your Score History
You have not taken this quiz since the last reset